An introduction to object-oriented programming with Java

This book is intended as an introduction to object-oriented programming, graphical user interface, and event-driven programming

Salvato in:
Dettagli Bibliografici
Autore principale: Wu, C. Thomas
Natura: Libro
Lingua:Undetermined
Pubblicazione: Boston McGraw-Hill 1999
Soggetti:
Tags: Aggiungi Tag
Nessun Tag, puoi essere il primo ad aggiungerne! !
Thư viện lưu trữ: Trung tâm Học liệu Trường Đại học Cần Thơ
LEADER 00694nam a2200205Ia 4500
001 CTU_32026
008 210402s9999 xx 000 0 und d
020 |b 576 900đ 
082 |a 005.133 
082 |b W959 
100 |a Wu, C. Thomas 
245 3 |a An introduction to object-oriented programming with Java 
245 0 |c C. Thomas Wu 
260 |a Boston 
260 |b McGraw-Hill 
260 |c 1999 
520 |a This book is intended as an introduction to object-oriented programming, graphical user interface, and event-driven programming 
650 |a Object-oriented programming ( computer science ) 
904 |i chi,Qhieu 
980 |a Trung tâm Học liệu Trường Đại học Cần Thơ